000 00390pam a2200157a 44500
008 230515b2002 xxu||||| |||| 00| 0 eng d
020 _aNULL
041 _aENG
082 _aN.D.
100 _aBijoylaxmi hota
245 _aYoga for busy people
250 _a0
260 _aLondon
_b"Rupa co, nd, "
_c2002
300 _a120
650 _a"Flower Arranging,History of style,basic design"
999 _c523177
_d523177